[Event "Bad Griesbach Senioren op 2011 14th"]
[Site "Bad Griesbach (4.12.-10.12)"]
[Date "2011.12.08"]
[Round "5.19"]
[White "Mlinar, Denis"]
[Black "Simmon, Norbert"]
[Result "0-1"]
[WhiteElo "1153"]
[BlackElo "1580"]
[PlyCount "50"]
[EventDate "2011.12.??"]
[EventType "swiss"]
[EventRounds "7"]
[EventCountry "GER"]
[WhiteTeam "AUT/ Salzburg-Süd SC"]
[BlackTeam "München Schwabing SG"]
[WhiteTeamCountry "AUT"]

1. e4 c5 2. Nf3 d6 3. c3 Nf6 4. h3 Nxe4 5. Qa4+ Nc6 6. Qxe4 d5 7. Qc2 e5 8. Be2
e4 9. Nh2 Bd6 10. d3 Qc7 11. Nf1 f5 12. dxe4 fxe4 13. g3 O-O 14. Bg4 Bxg4 15.
hxg4 Ne5 16. Nh2 Nd3+ 17. Kd1 Nxf2+ 18. Ke1 Nxh1 19. Be3 Bxg3+ 20. Kd1 Nf2+ 21.
Bxf2 Rxf2 22. Qb3 Rxh2 23. Qxd5+ Kh8 24. Qxe4 Rd8+ 25. Kc1 Bf4+ 0-1

[Event "Bad Griesbach Senioren op 2011 14th"]
[Site "Bad Griesbach (4.12.-10.12)"]
[Date "2011.12.09"]
[Round "6.1"]
[White "Wawrinsky, Ludwig"]
[Black "Pribyl, Josef"]
[Result "1/2-1/2"]
[WhiteElo "1749"]
[BlackElo "2249"]
[PlyCount "37"]
[EventDate "2011.12.??"]
[EventType "swiss"]
[EventRounds "7"]
[EventCountry "GER"]
[WhiteTeam "Neuperlach SK"]
[BlackTeam "Ludwigshafen Schachhaus"]

1. e4 c5 2. d3 Nc6 3. f4 g6 4. g3 Bg7 5. Bg2 d6 6. Nf3 e5 7. c3 Nge7 8. O-O O-O
9. Na3 Rb8 10. Nc2 Qb6 11. Kh1 exf4 12. Bxf4 Ne5 13. Rb1 Be6 14. a4 Bb3 15. Ra1
N7c6 16. Qe2 Rbd8 17. Ne3 Nxf3 18. Bxf3 Ne5 19. c4 1/2-1/2

[Event "Bad Griesbach Senioren op 2011 14th"]
[Site "Bad Griesbach (4.12.-10.12)"]
[Date "2011.12.09"]
[Round "6.2"]
[White "Johnsen, Gunnar"]
[Black "Macura, Emil"]
[Result "0-1"]
[WhiteElo "2137"]
[BlackElo "2229"]
[PlyCount "114"]
[EventDate "2011.12.??"]
[EventType "swiss"]
[EventRounds "7"]
[EventCountry "GER"]
[WhiteTeam "NOR/Tromsoe Sjakklubb"]
[BlackTeam "CZE/Zlinterm SK"]
[WhiteTeamCountry "NOR"]
[BlackTeamCountry "CZE"]

1. d4 Nf6 2. c4 g6 3. Nc3 Bg7 4. e4 d6 5. Nf3 O-O 6. h3 Nbd7 7. Be3 c6 8. Bd3
e5 9. d5 cxd5 10. cxd5 a6 11. a4 a5 12. Nd2 b6 13. Qe2 Nc5 14. Bb5 Bb7 15.
O-O-O Ne8 16. g4 Nc7 17. Bxc5 bxc5 18. Nc4 Rb8 19. Kc2 Na6 20. h4 Bf6 21. g5
Be7 22. f4 f6 23. gxf6 Bxf6 24. fxe5 Nb4+ 25. Kb1 dxe5 26. h5 g5 27. h6 Ba6 28.
Ne3 Bc8 29. Qh5 Kh8 30. Rhg1 Qd6 31. Nc4 Qd8 32. Ne3 Rb6 33. Rdf1 Be7 34. Rxf8+
Qxf8 35. Nc4 Rxh6 36. Qd1 g4 37. Nxe5 Qg7 38. Qd2 Rh5 39. Nc4 Bg5 40. Qe2 Bf6
41. d6 Bd4 42. Rd1 Rh6 43. Nb6 Be6 44. d7 Bxd7 45. Nxd7 g3 46. Qf3 Rh2 47. e5
h5 48. Nf6 Qg6+ 49. Bd3 Nxd3 50. Qa8+ Kg7 51. Qg8+ Kh6 52. Qh8+ Kg5 53. Nce4+
Kh4 54. Rxd3 Rxb2+ 55. Kc1 g2 56. Rxd4 g1=Q+ 57. Kxb2 Qxd4+ 0-1

[Event "Bad Griesbach Senioren op 2011 14th"]
[Site "Bad Griesbach (4.12.-10.12)"]
[Date "2011.12.09"]
[Round "6.3"]
[White "Boldt, Heinrich"]
[Black "Weinwurm, Wolfgang"]
[Result "0-1"]
[WhiteElo "1751"]
[BlackElo "2132"]
[PlyCount "96"]
[EventDate "2011.12.??"]
[EventType "swiss"]
[EventRounds "7"]
[EventCountry "GER"]
[WhiteTeam "Kareth-Lappersdorf TSV"]
[BlackTeam "Ternitz-Gloggnitz Spg."]

1. d4 Nf6 2. Nf3 g6 3. e3 Bg7 4. Bd3 O-O 5. O-O d6 6. Nbd2 Nbd7 7. b3 e5 8.
dxe5 dxe5 9. e4 Re8 10. Re1 Nc5 11. Bc4 Nfxe4 12. Bb2 Nxd2 13. Nxd2 Bf5 14. Qe2
Qd7 15. b4 Ne6 16. Ne4 Qe7 17. c3 Rad8 18. Ng3 Nf4 19. Qf3 Bd3 20. Bb3 b5 21.
Rad1 Bc4 22. Bc2 Rxd1 23. Rxd1 Rd8 24. Bc1 Rxd1+ 25. Qxd1 Bxa2 26. Ne4 Bc4 27.
Be3 f5 28. Bc5 Qe8 29. Ng3 h5 30. f3 h4 31. Nf1 Bf6 32. Ne3 Qd8 33. Nxc4 bxc4
34. g3 hxg3 35. hxg3 Nd3 36. Qd2 Qd5 37. Qe3 a5 38. Qh6 Qf7 39. Qd2 Qd5 40. Qh6
Qf7 41. Qd2 axb4 42. cxb4 e4 43. fxe4 fxe4 44. Be3 Qd5 45. Kg2 c6 46. Kg1 Kg7
47. g4 Bd4 48. g5 Qxg5+ 0-1

[Event "Bad Griesbach Senioren op 2011 14th"]
[Site "Bad Griesbach (4.12.-10.12)"]
[Date "2011.12.09"]
[Round "6.4"]
[White "Kugelmann, Werner"]
[Black "Aigner, Georg"]
[Result "1/2-1/2"]
[WhiteElo "2090"]
[BlackElo "1858"]
[PlyCount "60"]
[EventDate "2011.12.??"]
[EventType "swiss"]
[EventRounds "7"]
[EventCountry "GER"]
[WhiteTeam "Wertingen TSV"]
[BlackTeam "Dietfurt TSV"]

1. e4 c5 2. Nf3 d6 3. c3 Nf6 4. Bc4 Nc6 5. Qe2 e6 6. d4 cxd4 7. cxd4 Be7 8. Bb3
O-O 9. Nc3 e5 10. dxe5 Nxe5 11. h3 Be6 12. Nd4 Bxb3 13. Nxb3 Re8 14. O-O Nc6
15. Rd1 a6 16. f4 Bf8 17. Qf3 Qc7 18. Bd2 b5 19. Kh1 Qb7 20. Re1 b4 21. Nd1 Nd7
22. Rc1 Nc5 23. e5 Nxb3 24. axb3 Na5 25. Qxb7 Nxb7 26. Bxb4 dxe5 27. Bxf8 Kxf8
28. fxe5 Rac8 29. Rxc8 Rxc8 30. Ne3 Rc5 1/2-1/2

[Event "Bad Griesbach Senioren op 2011 14th"]
[Site "Bad Griesbach (4.12.-10.12)"]
[Date "2011.12.09"]
[Round "6.5"]
[White "Leuschner, Guenter"]
[Black "Bock, Ortwin"]
[Result "1/2-1/2"]
[WhiteElo "1816"]
[BlackElo "1846"]
[PlyCount "97"]
[EventDate "2011.12.??"]
[EventType "swiss"]
[EventRounds "7"]
[EventCountry "GER"]
[WhiteTeam "Nürnberg 1911 SK"]
[BlackTeam "Landshut SK"]

1. d4 Nf6 2. c4 Nc6 3. Nc3 e5 4. d5 Ne7 5. e4 Ng6 6. Nf3 Bc5 7. h3 d6 8. a3 a6
9. g3 O-O 10. Qd3 h6 11. Be3 b6 12. Bd2 a5 13. Na4 Bd7 14. Nxc5 bxc5 15. Bg2
Nh5 16. O-O a4 17. Qe2 Nf6 18. Rad1 Rb8 19. Bc1 Nh7 20. Rd3 f5 21. Rc3 f4 22.
Kh2 Ng5 23. Ng1 Qc8 24. Qh5 Be8 25. h4 fxg3+ 26. fxg3 Rxf1 27. Bxf1 Nxe4 28.
Bh3 Nf4 29. Bxc8 Nxh5 30. Be6+ Kf8 31. Rf3+ Nhf6 32. Bf5 Ke7 33. g4 g5 34. Re3
Rb3 35. Re1 Nf2 36. Bc2 N2xg4+ 37. Kg2 Rb8 38. hxg5 hxg5 39. Nf3 Bd7 40. Nxg5
Rh8 41. Nf3 Rh5 42. Rh1 Rxh1 43. Kxh1 e4 44. Nh4 Nf2+ 45. Kg1 Nd3 46. Bxd3 exd3
47. Ng6+ Ke8 48. Nf4 Bf5 49. Kf2 1/2-1/2

[Event "Bad Griesbach Senioren op 2011 14th"]
[Site "Bad Griesbach (4.12.-10.12)"]
[Date "2011.12.09"]
[Round "6.6"]
[White "Alefs, Heinz"]
[Black "Klein, Reinhard"]
[Result "1-0"]
[WhiteElo "1645"]
[BlackElo "1759"]
[PlyCount "141"]
[EventDate "2011.12.??"]
[EventType "swiss"]
[EventRounds "7"]
[EventCountry "GER"]
[WhiteTeam "Eichenau SC"]
[BlackTeam "München RTA SC"]

1. d4 Nf6 2. Nf3 e6 3. e3 c5 4. Bd3 Nc6 5. c3 d5 6. Nbd2 Qc7 7. Qe2 Be7 8. O-O
cxd4 9. exd4 O-O 10. Ne5 Nd7 11. f4 f5 12. Nxc6 Qxc6 13. Bb5 Qb6 14. Nf3 Nf6
15. Bd3 Ne4 16. c4 Bf6 17. Be3 Bd7 18. c5 Qd8 19. Ne5 Be8 20. b4 a6 21. Rfc1
Rc8 22. a4 Bxe5 23. fxe5 f4 24. Bf2 f3 25. gxf3 Qg5+ 26. Kh1 Nxf2+ 27. Qxf2 Qf4
28. Rc3 Bh5 29. Rf1 Kh8 30. Be2 Rf5 31. Qe3 Be8 32. Qxf4 Rxf4 33. Rd3 Bxa4 34.
Ra3 Bc6 35. Rd1 g5 36. h3 Rcf8 37. Kg2 Kg7 38. Rd2 Rh4 39. Ra1 Rff4 40. Bxa6
bxa6 41. Rxa6 Bb5 42. Rxe6 Rxd4 43. Ra2 Rhf4 44. c6 Rf7 45. Rd6 Rc4 46. e6 Re7
47. Rd7 Kf6 48. Raa7 Rxe6 49. Rf7+ Ke5 50. c7 h6 51. Ra8 Rec6 52. Rb8 Rc1 53.
f4+ gxf4 54. Rxb5 Rxc7 55. Rxc7 Rxc7 56. Rb6 Rc4 57. Rxh6 Rxb4 58. Rh8 Rb2+ 59.
Kf3 Rb3+ 60. Kf2 Kd4 61. h4 Rh3 62. Kg2 Rg3+ 63. Kf2 Kd3 64. Rf8 Rh3 65. Rxf4
d4 66. Kg2 Re3 67. h5 Re8 68. h6 Ke3 69. Rf3+ Ke4 70. Kf2 d3 71. Re3+ 1-0

[Event "Bad Griesbach Senioren op 2011 14th"]
[Site "Bad Griesbach (4.12.-10.12)"]
[Date "2011.12.09"]
[Round "6.7"]
[White "Ruf, Karl"]
[Black "Huhn, Ulrich"]
[Result "1-0"]
[WhiteElo "1567"]
[BlackElo "1835"]
[PlyCount "107"]
[EventDate "2011.12.??"]
[EventType "swiss"]
[EventRounds "7"]
[EventCountry "GER"]
[WhiteTeam "Neuperlach SK"]
[BlackTeam "Berlin Siemensstadt SF"]

1. e4 d5 2. exd5 Nf6 3. d4 Nxd5 4. c4 Nf6 5. h3 Bf5 6. Nf3 c6 7. Nc3 e6 8. Bd3
Bxd3 9. Qxd3 Nbd7 10. O-O Be7 11. b3 O-O 12. Bb2 a5 13. a4 Re8 14. Rad1 Bb4 15.
Na2 Bd6 16. Rfe1 Qc7 17. Ne5 Rad8 18. Qf3 Nf8 19. Ng4 Nxg4 20. Qxg4 f5 21. Qe2
Qf7 22. c5 Bc7 23. Rd3 Rd7 24. Bc1 h6 25. f4 Nh7 26. g3 Rde7 27. g4 g6 28. h4
fxg4 29. Qxg4 Nf6 30. Qg2 Kh7 31. Rf1 Nd5 32. Qe4 Qf5 33. Qxf5 exf5 34. Nc3
Nxc3 35. Rxc3 Re4 36. Rd3 Bd8 37. Bd2 Re2 38. Rff3 Bxh4 39. Bxa5 Bd8 40. Bd2
Be7 41. b4 Ra8 42. Rfe3 Rxe3 43. Rxe3 Bf6 44. Bc3 Rxa4 45. Re6 Kg7 46. Rd6 Ra7
47. Rd7+ Kf8 48. b5 Ke8 49. bxc6 Ra3 50. cxb7 Rb3 51. c6 Bd8 52. c7 Bxc7 53.
Rxc7 Kd8 54. Rc8+ 1-0

[Event "Bad Griesbach Senioren op 2011 14th"]
[Site "Bad Griesbach (4.12.-10.12)"]
[Date "2011.12.09"]
[Round "6.8"]
[White "Koenigl, Anton"]
[Black "Mahrla, Hans Dr"]
[Result "1-0"]
[WhiteElo "1655"]
[BlackElo "1621"]
[PlyCount "109"]
[EventDate "2011.12.??"]
[EventType "swiss"]
[EventRounds "7"]
[EventCountry "GER"]
[WhiteTeam "Ergolding FC"]
[BlackTeam "Eichenau SC"]

1. c4 Nf6 2. Nc3 e6 3. g3 d5 4. cxd5 exd5 5. e3 Be7 6. Bg2 O-O 7. Nge2 c6 8.
O-O h6 9. Qc2 Bg4 10. h3 Bd7 11. Kh2 Na6 12. a3 Nc7 13. b3 Ne6 14. Ng1 Qc8 15.
Bb2 Bd6 16. Rac1 Ng5 17. d3 Re8 18. Qd1 Be6 19. Nb5 Be7 20. Bxf6 Bxf6 21. Nd6
Qd7 22. Nxe8 Rxe8 23. Qc2 Be7 24. b4 Bd6 25. h4 Nh7 26. Bh3 Nf6 27. Bxe6 Qxe6
28. Kg2 Bxg3 29. fxg3 Ng4 30. Rce1 Nxe3+ 31. Rxe3 Qxe3 32. Rf3 Qe1 33. Qf2 Re7
34. Qxa7 h5 35. Qc5 Qe5 36. Rf2 Qe1 37. Nf3 Qe3 38. Qxe3 Rxe3 39. Rd2 Kf8 40.
Kf2 Re8 41. a4 f6 42. Nd4 Re5 43. a5 Re8 44. Re2 Rc8 45. Kf3 Kf7 46. Nf5 Rc7
47. Rc2 g6 48. Nd4 Ke7 49. a6 bxa6 50. Rxc6 Rb7 51. Rxa6 Kf7 52. b5 Ke7 53. Ke3
Kf7 54. Rd6 Re7+ 55. Kd2 1-0

[Event "Bad Griesbach Senioren op 2011 14th"]
[Site "Bad Griesbach (4.12.-10.12)"]
[Date "2011.12.09"]
[Round "6.9"]
[White "Roesch, Alfred"]
[Black "Kiefer, Herbert"]
[Result "0-1"]
[WhiteElo "1594"]
[BlackElo "1727"]
[PlyCount "94"]
[EventDate "2011.12.??"]
[EventType "swiss"]
[EventRounds "7"]
[EventCountry "GER"]
[WhiteTeam "München Schwabing SG"]
[BlackTeam "Ansbach SC"]

1. Nf3 d5 2. d4 Nf6 3. Nbd2 b6 4. e3 Bb7 5. Bd3 e6 6. O-O Bd6 7. c3 Nbd7 8. b3
Rc8 9. Bb2 c5 10. Rc1 O-O 11. Be2 Re8 12. Re1 e5 13. dxe5 Nxe5 14. Nxe5 Bxe5
15. Nf3 Bb8 16. c4 Ne4 17. g3 Ng5 18. Nxg5 Qxg5 19. Bf3 Rcd8 20. Qe2 Ba6 21.
Qf1 Rd6 22. Qg2 dxc4 23. Red1 cxb3 24. Rxd6 Bxd6 25. Rd1 Qe7 26. axb3 Be5 27.
Bxe5 Qxe5 28. Bd5 Be2 29. Re1 Bg4 30. h3 Bc8 31. Qf3 Be6 32. Bxe6 Qxe6 33. Qb7
a5 34. Rb1 h6 35. Rb2 Rd8 36. Qf3 Qxh3 37. Qc6 Qe6 38. Qb5 Rd1+ 39. Kg2 Qe4+
40. f3 Qxe3 41. Re2 Qg1+ 42. Kh3 Qh1+ 43. Kg4 Rd4+ 44. f4 h5+ 45. Kg5 Rd5+ 46.
Re5 Rxe5+ 47. fxe5 Qf3 0-1

[Event "Bad Griesbach Senioren op 2011 14th"]
[Site "Bad Griesbach (4.12.-10.12)"]
[Date "2011.12.09"]
[Round "6.11"]
[White "Sierian, Peter"]
[Black "Kammel, Rudolf"]
[Result "1-0"]
[WhiteElo "1746"]
[BlackElo "1626"]
[PlyCount "87"]
[EventDate "2011.12.??"]
[EventType "swiss"]
[EventRounds "7"]
[EventCountry "GER"]
[WhiteTeam "Aidenbach TSV"]
[BlackTeam "Regensburg Bavaria SC"]

1. d4 d5 2. c4 e6 3. Nc3 Nf6 4. Bf4 Be7 5. Nf3 O-O 6. h3 a6 7. e3 Nbd7 8. Bd3
c6 9. O-O Re8 10. Qc2 Nf8 11. Rac1 N6d7 12. c5 Bf6 13. Bd6 Be7 14. Bg3 Bf6 15.
Na4 Ng6 16. b4 e5 17. Bf5 Ndf8 18. Nb6 Bxf5 19. Qxf5 Ra7 20. dxe5 Be7 21. a4
Ne6 22. Nd4 Ngf8 23. a5 g6 24. Qg4 h5 25. Qe2 Bg5 26. f4 Bh6 27. Rfd1 Nd7 28.
Nxe6 fxe6 29. Nxd7 Qxd7 30. Bh4 Qf7 31. Bf6 Bg7 32. Bxg7 Kxg7 33. g4 Rh8 34.
Rf1 Raa8 35. f5 exf5 36. gxf5 gxf5 37. Qg2+ Kh6 38. Qf3 Rhg8+ 39. Kh2 Raf8 40.
Qf4+ Kh7 41. Rc2 Qg7 42. Rcf2 Kh8 43. Kh1 Qg3 44. Qh6# 1-0

[Event "Bad Griesbach Senioren op 2011 14th"]
[Site "Bad Griesbach (4.12.-10.12)"]
[Date "2011.12.09"]
[Round "6.12"]
[White "Lamprecht, Rudolf"]
[Black "Schuster, Herbert"]
[Result "1-0"]
[WhiteElo "1818"]
[BlackElo "1744"]
[PlyCount "79"]
[EventDate "2011.12.??"]
[EventType "swiss"]
[EventRounds "7"]
[EventCountry "GER"]
[WhiteTeam "Höhenkirchen SV"]
[BlackTeam "Landshut SK"]

1. e4 c5 2. Nf3 Nc6 3. d4 cxd4 4. c3 e6 5. cxd4 Nf6 6. Nc3 a6 7. Bd3 Qb6 8. Bb1
d6 9. O-O Be7 10. a3 Bd7 11. h3 Na5 12. b4 Nc4 13. e5 Ng8 14. exd6 Qxd6 15. Re1
Bc6 16. Ne4 Qc7 17. Nc5 O-O-O 18. Ba2 Bd5 19. Qd3 b5 20. Nxa6 Qc6 21. Nc5 Bxf3
22. gxf3 Bxc5 23. bxc5 Qd5 24. a4 Qxd4 25. Qxd4 Rxd4 26. axb5 Ne7 27. Bxc4 Rhd8
28. Bf1 Nd5 29. Ra8+ Kd7 30. Rxd8+ Kxd8 31. Be3 Rb4 32. Ra1 f5 33. Ra7 f4 34.
Bd2 Rb1 35. Kg2 g5 36. Ba5+ Ke8 37. c6 Rb2 38. c7 Kd7 39. Ra8 Nxc7 40. Ra7 1-0

[Event "Bad Griesbach Senioren op 2011 14th"]
[Site "Bad Griesbach (4.12.-10.12)"]
[Date "2011.12.09"]
[Round "6.13"]
[White "Post, Hermann Dr(35)"]
[Black "Eglseder, Gottfried"]
[Result "0-1"]
[WhiteElo "1532"]
[BlackElo "1617"]
[PlyCount "72"]
[EventDate "2011.12.??"]
[EventType "swiss"]
[EventRounds "7"]
[EventCountry "GER"]
[WhiteTeam "Rottal SC"]
[BlackTeam "Germering SK"]

1. d4 d5 2. c4 c6 3. Nf3 Nf6 4. Nc3 dxc4 5. a4 Bf5 6. e3 e6 7. Bxc4 Bb4 8. Bd2
O-O 9. O-O Nbd7 10. Bb3 Qe7 11. Bc2 Bg4 12. Bd3 e5 13. Be2 e4 14. Ne1 Bxe2 15.
Nxe2 Nd5 16. Nc2 Bxd2 17. Qxd2 a5 18. Rfb1 N7b6 19. b3 Rfc8 20. Rc1 Nd7 21. Nc3
N7f6 22. Nxd5 Nxd5 23. Na3 Rc7 24. Nc4 b6 25. h3 h6 26. Rc2 Rb7 27. Rac1 Nb4
28. Rc3 Rd8 29. Ne5 Qxe5 30. Rxc6 Nxc6 31. Rxc6 Qd5 32. Qc3 Rbb8 33. Kf1 Qd7
34. Ke1 Rbc8 35. d5 Rxc6 36. dxc6 Qd1# 0-1

[Event "Bad Griesbach Senioren op 2011 14th"]
[Site "Bad Griesbach (4.12.-10.12)"]
[Date "2011.12.09"]
[Round "6.14"]
[White "Bilyavskyy, Borys"]
[Black "Ulmer, Heinz"]
[Result "1/2-1/2"]
[WhiteElo "1757"]
[BlackElo "1649"]
[PlyCount "47"]
[EventDate "2011.12.??"]
[EventType "swiss"]
[EventRounds "7"]
[EventCountry "GER"]
[WhiteTeam "Ergolding FC"]
[BlackTeam "Adlkofen SC"]

1. e4 d5 2. exd5 Qxd5 3. Nc3 Qa5 4. d4 c6 5. Nf3 Bg4 6. Be2 Nf6 7. Ne5 Bxe2 8.
Qxe2 e6 9. O-O Be7 10. Bd2 O-O 11. Rab1 Nbd7 12. a3 Qb6 13. Be3 Qc7 14. f4 a5
15. Qf3 Nb6 16. Rbd1 Nbd5 17. Nxd5 exd5 18. c3 Ne4 19. f5 Bg5 20. Bxg5 Nxg5 21.
Qh5 f6 22. Ng4 Rae8 23. Rde1 Qf7 24. Qh4 1/2-1/2

[Event "Bad Griesbach Senioren op 2011 14th"]
[Site "Bad Griesbach (4.12.-10.12)"]
[Date "2011.12.09"]
[Round "6.15"]
[White "Slacik, Johann"]
[Black "Zeiger, Frank"]
[Result "0-1"]
[WhiteElo "1576"]
[BlackElo "1475"]
[PlyCount "82"]
[EventDate "2011.12.??"]
[EventType "swiss"]
[EventRounds "7"]
[EventCountry "GER"]
[WhiteTeam "AUT/Westbahn Linz ESV"]
[BlackTeam "Spremberg FSV"]
[WhiteTeamCountry "AUT"]

1. d4 Nf6 2. Nf3 d5 3. c4 dxc4 4. Qa4+ Nbd7 5. e3 e6 6. Bxc4 Be7 7. Bd3 O-O 8.
Nc3 c5 9. O-O a6 10. Qc2 b5 11. b3 Bb7 12. Ne5 g6 13. Nxd7 Nxd7 14. Ne2 Rc8 15.
Qd2 Bf6 16. Bb2 Nb6 17. dxc5 Bxb2 18. Qxb2 Rxc5 19. Rfd1 Qd5 20. Nf4 Qg5 21.
Bf1 Nd5 22. Nxd5 Rxd5 23. Rxd5 Qxd5 24. Rc1 Rc8 25. Rxc8+ Bxc8 26. Qc3 Bb7 27.
f3 Qc6 28. Qd4 Qd5 29. Kf2 e5 30. Qb4 Qc6 31. a4 bxa4 32. bxa4 Qd5 33. a5 Qc6
34. Bc4 Kg7 35. e4 Qc7 36. Bd5 Qc2+ 37. Kg3 Bxd5 38. exd5 Qd3 39. Qd6 Qd4 40.
Qxa6 g5 41. Qb5 Qh4# 0-1

[Event "Bad Griesbach Senioren op 2011 14th"]
[Site "Bad Griesbach (4.12.-10.12)"]
[Date "2011.12.09"]
[Round "6.17"]
[White "Simmon, Norbert"]
[Black "Strakos, Tomas"]
[Result "0-1"]
[WhiteElo "1580"]
[BlackElo "1763"]
[PlyCount "56"]
[EventDate "2011.12.??"]
[EventType "swiss"]
[EventRounds "7"]
[EventCountry "GER"]
[WhiteTeam "München Schwabing SG"]
[BlackTeam "CZE/Praga Praha"]
[BlackTeamCountry "CZE"]

1. g3 Nf6 2. Bg2 d5 3. d4 g6 4. Nf3 Bg7 5. O-O O-O 6. Nbd2 c6 7. c4 Nbd7 8. b3
Re8 9. Bb2 h6 10. Rc1 Ne4 11. cxd5 cxd5 12. Nb1 Ndf6 13. h3 Bd7 14. Ne5 Rc8 15.
Nxd7 Qxd7 16. Qd3 a6 17. f3 Nxg3 18. Rfe1 Ngh5 19. e3 Rxc1 20. Rxc1 Rc8 21. Nc3
e6 22. Rf1 Bf8 23. Ne2 Bd6 24. e4 Nf4 25. Nxf4 Bxf4 26. Bc3 Qb5 27. Qxb5 axb5
28. Be1 Rc2 0-1

[Event "Bad Griesbach Senioren op 2011 14th"]
[Site "Bad Griesbach (4.12.-10.12)"]
[Date "2011.12.09"]
[Round "6.18"]
[White "Dallmeier, Gerhard"]
[Black "Jurgan, Brigitte"]
[Result "1-0"]
[WhiteElo "1582"]
[BlackElo "1239"]
[PlyCount "85"]
[EventDate "2011.12.??"]
[EventType "swiss"]
[EventRounds "7"]
[EventCountry "GER"]
[WhiteTeam "Weißenfels Roland SK"]
[BlackTeam "Bad Reichenhall SF"]

1. e4 d6 2. d4 e6 3. Nc3 c6 4. f4 g6 5. Nf3 Bg7 6. Bd3 f5 7. O-O Ne7 8. Qe1 O-O
9. e5 d5 10. a4 a5 11. Kh1 Kf7 12. Ng5+ Kg8 13. Qh4 h6 14. Nh3 Kf7 15. Ne2 Rh8
16. g4 Ke8 17. Qg3 Na6 18. gxf5 exf5 19. c3 Be6 20. Neg1 Bf7 21. Nf3 Nb8 22.
Nh4 Nd7 23. e6 Bxe6 24. Nxg6 Nxg6 25. Qxg6+ Kf8 26. Qxe6 Qe7 27. Qxf5+ Nf6 28.
Bd2 Qd7 29. Qxd7 Nxd7 30. Rae1 Nf6 31. f5 Re8 32. Nf4 Kf7 33. Ng6 Rhg8 34. Ne5+
Kf8 35. Rg1 h5 36. Rg6 Bh8 37. Bh6+ Ke7 38. Rxg8 Nxg8 39. Ng6+ Kf6 40. Rxe8
Nxh6 41. Rxh8 Kg7 42. Rxh6 Kxh6 43. f6 1-0

[Event "Bad Griesbach Senioren op 2011 14th"]
[Site "Bad Griesbach (4.12.-10.12)"]
[Date "2011.12.09"]
[Round "6.19"]
[White "Erhard, Walter sr(45)"]
[Black "Zorn, Guenter"]
[Result "1-0"]
[WhiteElo "1263"]
[BlackElo "1291"]
[PlyCount "101"]
[EventDate "2011.12.??"]
[EventType "swiss"]
[EventRounds "7"]
[EventCountry "GER"]
[WhiteTeam "Regensburg Bavaria SC"]
[BlackTeam "Ergolding FC"]

1. d4 Nf6 2. c4 e5 3. dxe5 Ng4 4. Nf3 Nc6 5. Nbd2 Ngxe5 6. g3 Qe7 7. Bg2 Nd3+
8. Kf1 Nde5 9. b3 g6 10. Bb2 Bg7 11. Nxe5 Bxe5 12. Bxe5 Nxe5 13. Nf3 d6 14.
Nxe5 Qxe5 15. Rc1 O-O 16. f3 c6 17. Rc2 Be6 18. f4 Qc5 19. Rd2 Rad8 20. e4 Qa5
21. Kf2 Qc5+ 22. Ke1 Rd7 23. Rf1 Rfd8 24. Rff2 Qa5 25. Kf1 b5 26. cxb5 Qxb5+
27. Qe2 a6 28. Qxb5 axb5 29. f5 gxf5 30. exf5 Bd5 31. Bxd5 cxd5 32. Rxd5 Rb7
33. Rfd2 Rb6 34. Kf2 Kf8 35. Kf3 Ke7 36. R2d4 Ra8 37. Rd2 Rc8 38. g4 Rc5 39. g5
Rxd5 40. Rxd5 b4 41. h4 Ra6 42. Rd2 Rc6 43. Ke3 Rc3+ 44. Kf4 Rh3 45. Kg4 Rh1
46. Re2+ Kf8 47. f6 Rg1+ 48. Kh5 Rh1 49. Rc2 Re1 50. Kh6 Kg8 51. Rc8+ 1-0

[Event "Bad Griesbach Senioren op 2011 14th"]
[Site "Bad Griesbach (4.12.-10.12)"]
[Date "2011.12.10"]
[Round "7.1"]
[White "Pribyl, Josef"]
[Black "Weinwurm, Wolfgang"]
[Result "1/2-1/2"]
[WhiteElo "2249"]
[BlackElo "2132"]
[PlyCount "21"]
[EventDate "2011.12.??"]
[EventType "swiss"]
[EventRounds "7"]
[EventCountry "GER"]
[WhiteTeam "Ludwigshafen Schachhaus"]
[BlackTeam "Ternitz-Gloggnitz Spg."]

1. Nf3 Nf6 2. d4 g6 3. Nc3 d5 4. Bf4 Bg7 5. e3 O-O 6. Be2 c5 7. Ne5 cxd4 8.
exd4 Nc6 9. Nxc6 bxc6 10. O-O Nd7 11. Na4 1/2-1/2

[Event "Bad Griesbach Senioren op 2011 14th"]
[Site "Bad Griesbach (4.12.-10.12)"]
[Date "2011.12.10"]
[Round "7.2"]
[White "Macura, Emil"]
[Black "Kugelmann, Werner"]
[Result "1-0"]
[WhiteElo "2229"]
[BlackElo "2090"]
[PlyCount "99"]
[EventDate "2011.12.??"]
[EventType "swiss"]
[EventRounds "7"]
[EventCountry "GER"]
[WhiteTeam "CZE/Zlinterm SK"]
[BlackTeam "Wertingen TSV"]
[WhiteTeamCountry "CZE"]

1. d4 Nf6 2. Nf3 g6 3. Nbd2 d5 4. e3 Bg7 5. c4 c6 6. Bd3 O-O 7. O-O Nbd7 8. b3
Re8 9. Bb2 e6 10. Rc1 b6 11. Ne5 Nxe5 12. dxe5 Nd7 13. f4 Bb7 14. Nf3 Nc5 15.
Bb1 Ba6 16. Nd2 Nd7 17. Rf2 Bf8 18. Rf3 Rc8 19. Rh3 Bg7 20. Nf3 Qe7 21. e4 dxc4
22. bxc4 Red8 23. Qe1 Re8 24. Ng5 Nf8 25. Nf3 f6 26. exf6 Bxf6 27. e5 Bg7 28.
Ng5 Bb7 29. Ne4 Red8 30. c5 bxc5 31. Nxc5 Rd5 32. Ba3 Qf7 33. Rf3 Ba8 34. Ne4
Rb8 35. Bc2 Qd7 36. Bb3 Rd3 37. Rxd3 Qxd3 38. Rd1 Qa6 39. Bd6 Rd8 40. Nc5 Qb6
41. Qf2 Re8 42. Kh1 Nd7 43. Qc2 Nxc5 44. Bxc5 Qc7 45. Rd6 Bb7 46. Rxe6 Rxe6 47.
Bxe6+ Kh8 48. Qd2 Bc8 49. Bxc8 Qxc8 50. Qd6 1-0

[Event "Bad Griesbach Senioren op 2011 14th"]
[Site "Bad Griesbach (4.12.-10.12)"]
[Date "2011.12.10"]
[Round "7.3"]
[White "Johnsen, Gunnar"]
[Black "Ruf, Karl"]
[Result "1-0"]
[WhiteElo "2137"]
[BlackElo "1567"]
[PlyCount "69"]
[EventDate "2011.12.??"]
[EventType "swiss"]
[EventRounds "7"]
[EventCountry "GER"]
[WhiteTeam "NOR/Tromsoe Sjakklubb"]
[BlackTeam "Neuperlach SK"]
[WhiteTeamCountry "NOR"]

1. d4 d6 2. c4 Nd7 3. e4 g6 4. Nc3 Bg7 5. Nf3 e6 6. Be2 Ne7 7. O-O O-O 8. Re1
b6 9. Bf1 c5 10. d5 e5 11. Rb1 a5 12. a3 f5 13. Ng5 Nf6 14. g3 fxe4 15. Ne6
Bxe6 16. dxe6 Nc6 17. Nd5 Ra7 18. Bg5 h6 19. Nxf6+ Bxf6 20. Bxh6 Bg7 21. Bxg7
Kxg7 22. Rxe4 Qf6 23. Qxd6 Qxf2+ 24. Kh1 Qc2 25. Bd3 Qd2 26. Rg4 Rf2 27. Rxg6+
Kh7 28. Rg4+ Kh8 29. Rh4+ Kg7 30. e7 Nxe7 31. Rh7+ Kg8 32. Qe6+ Kf8 33. Rh8+
Kg7 34. Qxe5+ Rf6 35. Rh7+ 1-0

[Event "Bad Griesbach Senioren op 2011 14th"]
[Site "Bad Griesbach (4.12.-10.12)"]
[Date "2011.12.10"]
[Round "7.4"]
[White "Aigner, Georg"]
[Black "Leuschner, Guenter"]
[Result "1/2-1/2"]
[WhiteElo "1858"]
[BlackElo "1816"]
[PlyCount "96"]
[EventDate "2011.12.??"]
[EventType "swiss"]
[EventRounds "7"]
[EventCountry "GER"]
[WhiteTeam "Dietfurt TSV"]
[BlackTeam "Nürnberg 1911 SK"]

1. e4 d5 2. exd5 Qxd5 3. Nc3 Qa5 4. d4 Nf6 5. Nf3 Bf5 6. Bd3 Bxd3 7. Qxd3 Qa6
8. Nb5 Qe6+ 9. Be3 Na6 10. O-O c6 11. Ng5 Qd7 12. Nc3 Nb4 13. Qe2 h6 14. Nf3
Qf5 15. Rac1 e6 16. a3 Nbd5 17. Nxd5 Nxd5 18. c4 Nf6 19. Rfd1 Be7 20. d5 cxd5
21. cxd5 O-O 22. dxe6 Qxe6 23. Nd4 Qe5 24. Nf3 Qe6 25. h3 a6 26. Qc4 Qxc4 27.
Rxc4 Rac8 28. Rdc1 Rxc4 29. Rxc4 Nd5 30. Bd4 Rd8 31. g3 Bd6 32. Kf1 Ne7 33. Be5
Nc6 34. Bd4 Re8 35. Bc5 Re6 36. Bxd6 Rxd6 37. Ke2 Kf8 38. Rc3 Ke7 39. Rb3 Na5
40. Re3+ Kf6 41. Nd2 Rxd2+ 42. Kxd2 Nc4+ 43. Kd3 Nxe3 44. Kxe3 Ke5 45. f4+ Kd5
46. Kd3 f5 47. b3 h5 48. Ke3 a5 1/2-1/2